Margot Robbie Projects by Picture - Statistics

General Stats
  • This quiz has been taken 5 times
  • The average score is 10 of 20
Answer Stats
Picture Answer % Correct
Barbie
100%
Wolf of Wall Street
100%
Babylon
75%
I, Tonya
75%
Peter Rabbit
75%
Suicide Squad
75%
Focus
50%
Mary Queen of Scots
50%
The Legend of Tarzan
50%
Wuthering Heights
50%
A Big Bold Beautiful Journey
25%
About Time
25%
Amsterdam
25%
Asteroid City
25%
Bombshell
25%
Neighbours
25%
Once Upon a Time in Hollywood
25%
Pan Am
25%
Terminal
25%
The Big Short
25%
No matching quizzes found
Score Distribution
Percent of People with Each Score
Percentile by Number Answered
Your Score History
You have not taken this quiz